| 000 | 00960nam a2200253 a 4500 | ||
|---|---|---|---|
| 001 | 000007395 | ||
| 005 | 20240412074204.0 | ||
| 008 | 090908s2001 dr r 001 p spa d | ||
| 020 | _a9993442070 | ||
| 040 |
_aDO-SdBNP _bspa _cBNPHU |
||
| 082 |
_aRD861.44 _bS211a |
||
| 100 | 1 |
_aSánchez Lamouth, Juan, _d1929-1968 _920547 |
|
| 245 | 1 | 0 |
_aAntología de Juan Sánchez Lamouth / _cestudio y selección Diógenes Céspedes, Ramón Francisco, Antonio Lockward Artiles, Andrés L. Mateo. |
| 260 |
_aSanto Domingo : _bEdiciones Felibro, _c2001. |
||
| 300 |
_a141 p. ; _c23 cm. |
||
| 590 | _aInventariado, 2018/BT | ||
| 650 | 0 |
_aPoesía dominicana _966 |
|
| 650 | 0 |
_aLiteratura dominicana. _967 |
|
| 700 | 1 |
_aCéspedes, Diógenes, _d1941- _ecomp. _920548 |
|
| 700 | 1 |
_aFrancisco, Ramón, _ecomp. _920549 |
|
| 700 | 1 |
_aLockward Artiles, Antonio, _d1943-, _ecomp. _920550 |
|
| 700 | 1 |
_aMateo, Andrés L., _d 1946- _ecomp. _9776 |
|
| 910 | _aValidado. Control de calidad, EMS | ||
| 999 |
_c7176 _d7176 |
||